| 000 | 00448nam a22001697a 4500 | ||
|---|---|---|---|
| 005 | 20230112114508.0 | ||
| 008 | 200225b xxu||||| |||| 00| 0 eng d | ||
| 020 | _a978-81-239-2938-5 | ||
| 041 | _aeng | ||
| 082 | _a615.19 | ||
| 100 |
_aRAJASEKARAN, V N _95123 |
||
| 245 | _aFINAL YEAR DIPLOMA IN PHARMACY PHARMACEUTICAL CHEMISTRY- II | ||
| 260 |
_aNEW DELHI _bCBS _c2020 |
||
| 300 | _a459 p, | ||
| 650 |
_aPHARMACY _xD.PHARMA _97090 |
||
| 942 | _cBK | ||
| 999 |
_c6029 _d6027 |
||